000 00864cab a2200265 4500
001 WB3447-06
008 090401t1998 xxu||||| |||| 00| 0 eng d
035 _a(Sirsi) u90186
041 _aeng
245 _aProperty values fall in UK
260 _c1998
350 _a0
490 _aProperty Week
_v63(32) 4 December 1998, 5(1)
520 _aCB Hillier Parker`s most recent research shows that property values have dropped for the first time since May 1996. This is due to economic uncertainty and lower consumer spending. Graph.
650 _aBUSINESS SECTOR
650 _aCB HILLIER PARKER
650 _aFINANCIAL SECTOR
650 _aIPD INDEX
650 _aPROPERTY VALUES
650 _aRETAIL WAREHOUSE SECTOR
650 _aYIELDS
690 _aPROPERTY-COMMERCIAL PROPERTY-COMMERCIAL PROPERTY MARKET
942 _n0
948 _c08/12/1998
999 _c57138
_d57138